Statistics for 100 Best Guitarists of All Time

Click here to take the quiz!

General Stats

  • This quiz has been taken 235 times
  • The average score is 30 of 100

Answer Stats

Musical Act#Answer% Correct
The Beatles11George Harrison
86%
__________2Eric Clapton
81%
Led Zeppelin3Jimmy Page
81%
Rolling Stones4Keith Richards
81%
____________1Jimi Hendrix
80%
The Beatles55John Lennon
79%
Guns N' Roses65Slash
79%
Nirvana73Kurt Cobain
76%
AC/DC24Angus Young
72%
_________6B.B. King
72%
______ and Garfunkel93Paul Simon
72%
Allman Brothers Band9Duane Allman
71%
U238The Edge
71%
Queen26Brian May
67%
Who10Pete Townshend
63%
__________17Neil Young
60%
Dire Straits44Mark Knopfler
55%
Aerosmith84Joe Perry
54%
Pink Floyd14David Gilmour
53%
Velvet Underground81Lou Reed
53%
_________13Albert King
50%
The Ramones28Johnny Ramone
50%
Yardbirds5Jeff Beck
48%
R.E.M.94Peter Buck
48%
___________15Freddy King
47%
Metallica87James Hetfield
47%
Fleetwood Mac100Lindsey Buckingham
45%
Grateful Dead46Jerry Garcia
44%
Fleetwood Mac58Peter Green
44%
Rage Against the Machine40Tom Morello
44%
Black Sabbath25Tony Iommi
44%
Deep Purple50Ritchie Blackmore
41%
The Sex Pistols97Steve Jones
38%
___________7Chuck Berry
37%
_________8Eddie Van Halen
37%
___________20Carlos Santana
34%
Red Hot Chili Peppers72John Frusciante
34%
___________49Muddy Waters
34%
Kinks91Dave Davies
33%
Ozzy Osbourne36Randy Rhoads
33%
___________71Robert Johnson
33%
Pantera92Dimebag Darrell
31%
Rush98Alex Lifeson
29%
Doors76Robby Krieger
27%
Buffalo Springfield47Stephen Stills
27%
__________18Les Paul
26%
________________12Stevie Ray Vaughan
25%
The Police85Andy Summers
24%
____________77Willie Nelson
24%
_____________96Bruce Springsteen
23%
The Smiths51Johnny Marr
22%
Radiohead48Jonny Greenwood
22%
Rolling Stones37Mick Taylor
21%
Elvis Presley29Scotty Moore
21%
Sonic Youth99Thurston Moore
21%
James Gang54Joe Walsh
20%
Band59Robbie Robertson
20%
_____________27Bo Diddley
18%
__________23Buddy Guy
18%
___________30Elmore James
18%
_______33Prince
18%
King Crimson62Robert Fripp
16%
Allman Brothers Band16Derek Trucks
15%
David Bowie41Mick Ronson
15%
Allman Brothers Band61Dickey Betts
14%
Byrds95Roger McGuinn
14%
___________80Buddy Holly
13%
___________70Jack White
13%
Byrds52Clarence White
12%
____________56Albert Collins
11%
_____________88Carl Perkins
11%
___________22Frank Zappa
11%
______________35John Lee Hooker
11%
__________21Chet Atkins
10%
____________57Rory Gallagher
10%
Mountain66Leslie West
8%
____________31Ry Cooder
8%
Moving Sidewalks32Billy Gibbons
7%
Television90Tom Verlaine
7%
__________63Johnny Winter
6%
____________75Joni Mitchell
6%
Fairport Convention69Richard Thompson
6%
_____________34Curtis Mayfield
5%
Miles Davis68John McLaughlin
5%
____________42Mike Bloomfield
5%
Tom Petty79Mike Campbell
5%
__________39Steve Cropper
5%
B.B. King67T-Bone Walker
5%
_____________89Bonnie Raitt
4%
__________74Dick Dale
4%
__________64Duane Eddy
4%
Funkadelic83Eddie Hazel
4%
Howlin' Wolf43Hubert Sumlin
4%
Ricky Nelson19James Burton
4%
___________53Otis Rush
4%
Stooges60Ron Asheton
4%
_________45Link Wray
3%
Wilco82Nels Cline
2%
___________86J Mascis
1%
___________78John Fahey
1%

Score Distribution

Percentile by Number Answered

Percent of People with Each Score

Your Score History

You have not taken this quiz